00772nam a2200241Ia 4500001000700000003000500007008004100012010001100053040000900064082001500073100001900088245009400107260003900201300001100240440001700251500005200268503001200320504005000332650003900382650004200421700003300463700003400496Z_6202CHAP220113s1975 xx 000 0 und d a169446 cCHAP a616.01 J39 aJawetz, Ernest aManual de microbiologia medica /cErnest Jawetz, Joséph L. Melnick, Edward A. Adelberg aMéxico :bManual Moderno,c1975 a631 p. aSerie BME; 2 aTitulo original: Review of medical microbiology aej.1: ? aBibligrafía: p. 607 - 612, incluye índice aMicrobiología médicaxManuales aMicroorganismos patógenosxManuales a Adelberg, Edward A., coaut. aMelnick, Joséph L., coaut.